| 000 | 02346nab a2200277 a 4500 | ||
|---|---|---|---|
| 005 | 20231112192951.0 | ||
| 008 | 991125c2018 sp fr p o 000 0 spa d | ||
| 035 | _aUPN01000226320 | ||
| 040 |
_aUPN _bspa _cUPN _eaacr2 |
||
| 049 | _aART-E | ||
| 100 | 1 |
_aAngulo Gallo, Lisandra _6- lisandraa@uclv.cu |
|
| 100 | 1 | _aGuerra Morales, Vivian Margarita | |
| 100 | 1 | _aBlanco Consuegra, Yipsandra | |
| 245 | 1 | 0 |
_aAdaptación y Validación del Test of Emotion Comprehension en escolares cubanos _h[recurso electrónico en línea] |
| 506 | 0 | _aAcceso abierto | |
| 520 | 3 | _aLa comprensión emocional en los niños incluye todo un conjunto de habilidades para entender las emociones propias y ajenas. Para la evaluación de este constructo fue construido por Pons y colaboradores (Pons, Harris y de Rosnay, 2004) el Test of Emotion Comprehension (TEC). El trabajo realizado constituye la adaptación de la prueba para la población de niños cubanos de 8 a 10 años, teniendo como objetivo analizar algunas de sus propiedades psicométricas. Para ello se efectuó un estudio cuantitativo, de tipo instrumental, con una muestra de 200 escolares seleccionados aleatoriamente. El procesamiento de los datos se hizo mediante el paquete estadístico SPSS 21.0, específicamente se determinó la confiabilidad de la prueba a partir del método test-retest, así como la correlación entre la escala y el ítem global, empleándose el coeficiente de correlación de Pearson. Se efectuó el análisis factorial confirmatorio, con el uso del programa AMOS 21.0, utilizando modelos de ecuaciones estructurales para determinar la validez de constructo del TEC. Los resultados muestran una elevada correlación entre los resultados de la primera y la segunda aplicación de la prueba que avalan su estabilidad temporal y confiabilidad. Se determinó que el modelo presenta un buen ajuste, según los índices consultados, garantizando su aplicabilidad en los niños cubanos. | |
| 653 | 0 | _aComprensión emocional | |
| 653 | 0 | _aValidación de pruebas | |
| 653 | 0 | _aNiños | |
| 653 | 0 | _aCuba | |
| 773 |
_gVol. 15, no. 1 (2018 ), p. 57-70 _tAcción psicológica _x2255-1271 |
||
| 856 | 4 | _uhttp://revistas.uned.es/index.php/accionpsicologica/article/view/21236/18291 | |
| 856 | 4 | _uhttps://doi.org/10.5944/ap.15.1.21236 | |
| 905 | _aArticulo | ||
| 942 | _cART-E | ||
| 999 |
_c198416 _d198416 |
||